000 00488nam a22001817a 4500
003 CEME
005 20210628205236.0
008 210223b xxu||||| |||| 00| 0 eng d
020 _a0-13-325986-2
040 _c.
082 _a624.171 FLE'A
100 _aFleming, John F
_974534
245 _aAnalysis of structural systems
260 _aNEWDELHI
_bPRENTICE HALL
_c1997
300 _aXII,548P
650 _aSTRUCTURAL ANALYSIS - ENGINEERING DATA PROCESSING
_974535
942 _cBK
_2ddc
999 _c580055
_d580055